| 000 | 00904cab a2200265 4500 | ||
|---|---|---|---|
| 001 | WB3311-32 | ||
| 008 | 090401t1997 xxu||||| |||| 00| 0 eng d | ||
| 035 | _a(Sirsi) u77027 | ||
| 041 | _aeng | ||
| 245 | 2 | _aA queue of buyers | |
| 260 | _c1997 | ||
| 350 | _a0 | ||
| 490 |
_aWeekend Financial Times _v8 & 9 March 1997, XVII(1) |
||
| 520 | _aLooks at renewed calls for changes in the house purchasing system, since the return to a competitive market. Also looks at the influence Hong Kong buyers and travel time has had on the market. | ||
| 650 | _aCOMMUTING | ||
| 650 | _aDEPOSITS | ||
| 650 | _aGAZUMPING | ||
| 650 | _aHONG KONG | ||
| 650 | _aPROPERTY-RESIDENTIAL PROPERTY-ACQUISITION AND DISPOSAL OF RESIDENTIAL PROPERTY | ||
| 650 | _aHOUSE PURCHASE | ||
| 650 | _aINTERNET | ||
| 690 | _aPROPERTY-RESIDENTIAL PROPERTY-RESIDENTIAL PROPERTY MARKET | ||
| 942 | _n0 | ||
| 948 | _c11/03/1997 | ||
| 999 |
_c48399 _d48399 |
||